Statistiques concernant Toutes les villes de l'Inde avec 1 million d'habitants

Cliquez ici pour prendre le quiz!

Statistiques générales

  • Ce quiz a été pris 3 408 fois
  • Le résultat moyen est 11 sur 54

Réponses sur la Carte

Les réponses sont colorées sur une échelle allant du rouge au vert en fonction du pourcentage des utilisateurs qui les ont devinées à leur premier essai. Vous pouvez retrouver ces pourcentages ci-dessous.
 

Statistiques - réponses

populationville% Correct
28,4 mDelhi
98%
24,2 mMumbai
95%
16,4 mKolkata
71%
11,5 mBangalore
61%
10,7 mChennai
52%
9,60 mHyderabad
47%
3,75 mJaipur
40%
8,00 mAhmedabad
38%
6,50 mPune
34%
2,18 mAgra
32%
3,53 mLucknow
27%
6,30 mSurat
26%
1,40 mJodhpur
21%
3,15 mNagpur
21%
2,30 mBhopal
20%
1,86 mVaranasi
20%
3,38 mKanpur
19%
2,58 mPatna
19%
3,03 mIndore
18%
2,58 mCoimbatore
16%
1,71 mMadurai
16%
1,35 mAmritsar
15%
1,53 mSrinagar
15%
2,10 mChandigarh
14%
1,17 mMysore
14%
1,77 mRajkot
14%
2,13 mVadodara
14%
1,56 mKochi
13%
1,91 mLudhiana
13%
1,42 mAllahabad
12%
1,67 mMeerut
12%
1,44 mJabalpur
11%
1,36 mRanchi
11%
2,03 mVishakhapatnam
11%
1,34 mDhanbad
10%
1,10 mGuwahati
10%
1,35 mGwalior
10%
1,30 mKotā
10%
1,96 mNashik
10%
1,70 mAurangabad
9%
2,73 mBhilai
9%
1,08 mJalandhar
9%
1,07 mSalem
9%
1,06 mSolapur
9%
1,17 mAlīgarh
8%
1,56 mĀsansol
8%
1,24 mBareilly
8%
1,82 mBhubaneswar
8%
1,09 mHubli
8%
1,60 mJamshedpur
8%
1,18 mMorādābād
8%
1,17 mTiruchirappalli
8%
1,91 mVijayawada
8%
1,33 mTiruppur
7%

Distribution des résultats

Percentile par nombre de réponses

% des personnes avec chaque résultat

Votre développement - résultats

Vous n’avez pas pris ce quiz